000 00479nam a2200181 4500
003 SEACOMEC
005 20250919114905.0
008 250919b |||||||| |||| 00| 0 eng d
020 _a978-0071231121
_c385
040 _aSEACOMEC
082 _a621.38152
_bN3485
100 _aNeamen, Donald A
245 _aSemiconductor Physics And Devices
_cDonald A Neamen
250 _a3rd ed.
260 _aNew Delhi
_bTMH
_c2007
650 _aMaterial Science & Engineering
942 _cBBK
999 _c2511
_d2511